| 000 | 00205nam a22000737a 4500 | ||
|---|---|---|---|
| 999 |
_c24256 _d24256 |
||
| 003 | Nust | ||
| 005 | 20170601144451.0 | ||
| 008 | 140515b xxu||||| |||| 00| 0 eng d | ||
| 020 | _cAvailable | ||
| 040 |
_aDLC _bDLC _cRCMS |
||
| 050 | _a621.3848 COU | ||
| 082 | _a621.3848 COU | ||
| 245 |
_aCourse RTS Radar principle and application _cHoward Anton |
||
| 260 |
_aUSA _bI.T.S. Inter Traning Systems Ltd _cc1981 |
||
| 300 |
_ax,229,p: _bill: _c26,cm. |
||
| 538 | _iShelf # 15, Row # 5, Communication. Shelf # 15, Row # 6, Communication. | ||
| 650 |
_aTelecommunication _9238 |
||
| 856 | _3Table of Content Only | ||
| 942 |
_2ddc _cBK |
||